000 00326nam a2200133 i 4500
001 bg
100 1 _aLIONS, R. L.
245 0 _aNekotorye metody resenija nelinejnych kraewych zadac /
_cR.L. Lions.
260 _aMoskwa,
_c1972.
040 _cBPK
041 _apol
942 _cKS
008 s pl f |000 0 pol
999 _c15089
_d15089
856 _uhttp://koha.tu.koszalin.pl/cgi-bin/koha/opac-detail.pl?biblionumber=15089
_yKatalog online BPK